000 00490nam a2200181Ia 4500
001 2245
005 20260306143828.0
008 260306t2014||||xx |||||||||||||| ||spa||
041 _aESP
082 _a616.8
_bP45
100 _aPérez Mendoza, Martín
_eAUT
245 0 _aRehabilitación neuropsicológica. Estrategias en trastornos de la infancia y del adulto
260 _c2014
300 _axi, 230 páginas :
_c23 cm.
650 _aGEN
654 _aCPS
942 _cLIB
_dJUS
_fJUS
_2ddc
_n
999 _c2245
_d2245